[Event "ARG-ch Seniors 65"]
[Site "Buenos Aires"]
[Date "2021.12.09"]
[Round "3"]
[White "Fernandez, Antonio Omar"]
[Black "Desanzo, Juan Carlos"]
[Result "1-0"]
[WhiteElo "1504"]
[BlackElo "1474"]
[PlyCount "39"]
[EventDate "2021.12.08"]
[EventType "swiss"]
[EventRounds "7"]
[EventCountry "ARG"]
[SourceTitle "CBM 205 Extra"]
[Source "ChessBase"]
[SourceDate "2022.01.31"]
[SourceVersion "1"]
[SourceVersionDate "2022.01.31"]
[SourceQuality "1"]

1. Nf3 d5 2. g3 Nf6 3. Bg2 c5 4. 0-0 Nc6 5. d3 Bf5 6. c3 e6 7. Qb3 Qc7 8. Nbd2 Bd6 9. Re1 0-0-0 10. e4 dxe4 11. dxe4 Bg4 12. e5 Nxe5 13. Nxe5 Bxe5 14. Rxe5 Bd1 15. Qb5 Nd5 16. Re1 Bg4 17. Nf3 a6 18. Qc4 Nf6 19. Bf4 Qe7 20. b4 1-0

[Event "ARG-ch Amateur U1700"]
[Site "Suipacha"]
[Date "2017.11.17"]
[Round "2.7"]
[White "Desanzo, Juan Carlos"]
[Black "Carmona, Esteban"]
[Result "0-1"]
[WhiteElo "1543"]
[BlackElo "1648"]
[PlyCount "48"]
[EventDate "2017.11.17"]
[EventType "swiss"]
[EventRounds "9"]
[EventCountry "ARG"]
[SourceTitle "EXT 2024"]
[Source "ChessBase"]
[SourceDate "2023.10.10"]
[SourceVersion "1"]
[SourceVersionDate "2023.10.10"]
[SourceQuality "1"]

1. d4 f5 2. c4 Nf6 3. Nc3 e6 4. Nf3 c6 5. Bg5 Be7 6. e3 d5 7. Qc2 h6 8. Bh4 Nbd7 9. h3 Ne4 10. Bxe7 Qxe7 11. Nxe4 fxe4 12. Nd2 Qh4 13. Be2 0-0 14. 0-0 Qg5 15. c5 e5 16. Nb3 Nf6 17. Kh2 Nd7 18. Qd2 exd4 19. Qxd4 Ne5 20. Nd2 Ng6 21. f3 Nh4 22. Rf2 Nf5 23. f4 Qg3+ 24. Kg1 Nxd4 0-1

[Event "Mar de Ajo op 4th"]
[Site "Mar de Ajo"]
[Date "2017.11.04"]
[Round "2"]
[White "Desanzo, Juan Carlos"]
[Black "Bonnet, Sebastian"]
[Result "1-0"]
[WhiteElo "1543"]
[BlackElo "1809"]
[PlyCount "161"]
[EventDate "2017.11.03"]
[EventType "swiss"]
[EventRounds "6"]
[EventCountry "ARG"]
[SourceTitle "CBM 181 Extra"]
[Source "ChessBase"]
[SourceDate "2017.12.12"]
[SourceVersion "1"]
[SourceVersionDate "2017.12.12"]
[SourceQuality "1"]

1. d4 Nf6 2. Bg5 d5 3. Bxf6 exf6 4. e3 Bb4+ 5. Nd2 0-0 6. a3 Bd6 7. Bd3 Re8 8. Ngf3 f5 9. 0-0 c6 10. c4 Be6 11. Qc2 g6 12. c5 Bf8 13. b4 Nd7 14. a4 Qf6 15. b5 g5 16. bxc6 bxc6 17. g3 h5 18. h4 Bh6 19. hxg5 Bxg5 20. Nxg5 Qxg5 21. Nf3 Qh6 22. Nh4 Nf6 23. Nxf5 Qg5 24. Kg2 Ne4 25. Bxe4 dxe4 26. Nh4 Qg4 27. Rh1 Rab8 28. Rab1 Bd5 29. Rxb8 Rxb8 30. Rb1 Rxb1 31. Qxb1 Bc4 32. Qb8+ Kg7 33. Qf4 Qxf4 34. gxf4 a5 35. Nf5+ Kf8 36. Nd6 Bb3 37. Nb7 Bxa4 38. Nxa5 f5 39. Kg3 Kf7 40. Kh4 Kg6 41. Nc4 Bb5 42. Nd2 Be2 43. Kg3 Kf6 44. f3 Bd3 45. fxe4 fxe4 46. Kh4 Kg6 47. Nb3 Bb5 48. Na5 Ba4 49. Nb7 Bb3 50. Nd6 Bd5 51. Nc8 Kf6 52. Kxh5 Bc4 53. Nd6 Bd3 54. Kg4 Be2+ 55. Kg3 Bf3 56. Nc4 Be2 57. Ne5 Bb5 58. Kg4 Be2+ 59. Kh4 Bb5 60. Ng4+ Kf5 61. Ne5 Kf6 62. Kh5 Be2+ 63. Kh6 Bb5 64. Ng6 Ba4 65. Nh4 Bb3 66. Kh7 Be6 67. Kh6 Bg4 68. Ng6 Be2 69. Ne5 Bb5 70. Kh7 Ba4 71. Kg8 Bb5 72. Kf8 Ke6 73. Ke8 Ba6 74. Kd8 Bb5 75. Kc7 Kd5 76. f5 Ba4 77. f6 Ke6 78. f7 Ke7 79. Nxc6+ Kxf7 80. d5 Ke8 81. d6 1-0

[Event "Mar de Ajo op 4th"]
[Site "Mar de Ajo"]
[Date "2017.11.04"]
[Round "4"]
[White "Desanzo, Juan Carlos"]
[Black "Sosa, Adrian"]
[Result "0-1"]
[WhiteElo "1543"]
[BlackElo "1696"]
[PlyCount "90"]
[EventDate "2017.11.03"]
[EventType "swiss"]
[EventRounds "6"]
[EventCountry "ARG"]
[SourceTitle "CBM 181 Extra"]
[Source "ChessBase"]
[SourceDate "2017.12.12"]
[SourceVersion "1"]
[SourceVersionDate "2017.12.12"]
[SourceQuality "1"]

1. d4 Nf6 2. Bg5 g6 3. Bxf6 exf6 4. Nf3 Bg7 5. e4 0-0 6. Bc4 Re8 7. Nc3 d6 8. 0-0 Nc6 9. Re1 Bg4 10. Be2 f5 11. exf5 Bxf5 12. Qd2 Bg4 13. d5 Bxf3 14. Bxf3 Ne5 15. Be2 Qh4 16. f4 Ng4 17. Bxg4 Qxg4 18. Re2 Bxc3 19. Rxe8+ Rxe8 20. Qxc3 Qxf4 21. Rf1 Qe3+ 22. Qxe3 Rxe3 23. Rf2 Re1+ 24. Rf1 Rxf1+ 25. Kxf1 Kg7 26. Kf2 Kf6 27. Ke3 Ke5 28. c4 h5 29. h4 f6 30. g3 c6 31. dxc6 bxc6 32. b4 g5 33. a4 gxh4 34. gxh4 f5 35. b5 cxb5 36. cxb5 Kd5 37. Kf4 Kc5 38. Kxf5 Kb4 39. Kg5 d5 40. Kxh5 d4 41. Kg4 d3 42. Kf3 Kc3 43. a5 d2 44. b6 d1Q+ 45. Kg3 axb6 0-1

[Event "Mar de Ajo op 4th"]
[Site "Mar de Ajo"]
[Date "2017.11.04"]
[Round "3"]
[White "Navarro, Gustavo"]
[Black "Desanzo, Juan Carlos"]
[Result "1-0"]
[WhiteElo "1841"]
[BlackElo "1543"]
[PlyCount "83"]
[EventDate "2017.11.03"]
[EventType "swiss"]
[EventRounds "6"]
[EventCountry "ARG"]
[SourceTitle "CBM 181 Extra"]
[Source "ChessBase"]
[SourceDate "2017.12.12"]
[SourceVersion "1"]
[SourceVersionDate "2017.12.12"]
[SourceQuality "1"]

1. e4 c5 2. Nf3 d6 3. c4 Nc6 4. d4 cxd4 5. Nxd4 Nf6 6. Nc3 g6 7. f3 Bg7 8. Be3 0-0 9. Qd2 Re8 10. Be2 Qc7 11. Rc1 a6 12. 0-0 Nxd4 13. Bxd4 e5 14. Be3 Be6 15. Nd5 Bxd5 16. cxd5 Qd7 17. Qa5 Rec8 18. Qb6 Ne8 19. b3 Bf6 20. a4 Bd8 21. Qb4 a5 22. Qd2 Rxc1 23. Rxc1 Rc8 24. Bb5 Rxc1+ 25. Qxc1 Qe7 26. Qc8 Qc7 27. Qa8 Kf8 28. g3 Nf6 29. Kf2 Nd7 30. Ke2 Qc2+ 31. Bd2 Qc7 32. Bxd7 Qxd7 33. Bxa5 Ke7 34. Bxd8+ Qxd8 35. Qxb7+ Kf6 36. b4 Qe8 37. Qc6 Qb8 38. b5 Ke7 39. b6 Kd8 40. a5 Qc8 41. Qxd6+ Ke8 42. Qc6+ 1-0

[Event "Pan American-ch U1700"]
[Site "Carilo Village"]
[Date "2016.10.28"]
[Round "6"]
[White "Girona, Martin"]
[Black "Desanzo, Juan Carlos"]
[Result "1-0"]
[WhiteElo "1579"]
[BlackElo "1566"]
[PlyCount "47"]
[EventDate "2016.10.25"]
[EventType "swiss"]
[EventRounds "9"]
[EventCountry "ARG"]
[SourceTitle "EXT 2022"]
[Source "ChessBase"]
[SourceDate "2021.10.06"]
[SourceVersion "1"]
[SourceVersionDate "2021.10.06"]
[SourceQuality "1"]

1. d4 d5 2. Nf3 Bf5 3. Bf4 e6 4. e3 c5 5. c3 Nc6 6. Bd3 Bxd3 7. Qxd3 c4 8. Qc2 b5 9. 0-0 Nf6 10. Nbd2 a5 11. b3 Nh5 12. Be5 f6 13. Bg3 Nxg3 14. fxg3 f5 15. bxc4 bxc4 16. Rab1 Bd6 17. Rb7 0-0 18. Rfb1 Rb8 19. Rxb8 Bxb8 20. Qa4 Qd6 21. Rb6 Rc8 22. Ne5 Ba7 23. Rxc6 Rxc6 24. Qxc6 1-0

[Event "Pinamar U2200 op"]
[Site "Pinamar"]
[Date "2015.11.07"]
[Round "3.7"]
[White "Romero, Fabian"]
[Black "Desanzo, Juan Carlos"]
[Result "1-0"]
[WhiteElo "1911"]
[BlackElo "1602"]
[PlyCount "67"]
[EventDate "2015.11.07"]
[EventType "swiss"]
[EventRounds "6"]
[EventCountry "ARG"]
[SourceTitle "EXT 2024"]
[Source "ChessBase"]
[SourceDate "2023.10.10"]
[SourceVersion "1"]
[SourceVersionDate "2023.10.10"]
[SourceQuality "1"]

1. e4 c5 2. Nf3 e6 3. d4 cxd4 4. Nxd4 Nf6 5. Nc3 a6 6. Bc4 Qc7 7. Bb3 d6 8. Qe2 Nc6 9. Nf3 Be7 10. Be3 Na5 11. 0-0 Nxb3 12. cxb3 Bd7 13. Rac1 Rc8 14. Nd5 Qb8 15. Nxe7 Kxe7 16. e5 dxe5 17. Bc5+ Rxc5 18. Rxc5 Bb5 19. Rxb5 axb5 20. Qxb5 Nd7 21. Rd1 Rd8 22. a4 Qc7 23. Qb4+ Ke8 24. Qe4 f5 25. Qb4 h6 26. Re1 Kf7 27. Qb5 Kf6 28. h3 g5 29. Nd2 Nb6 30. Qe2 Rd5 31. Qh5 Rxd2 32. Qxh6+ Ke7 33. Qxg5+ Kd6 34. Qxd2+ 1-0

[Event "Pinamar U2200 op"]
[Site "Pinamar"]
[Date "2015.11.07"]
[Round "1.5"]
[White "Santagada, Hector Ricardo"]
[Black "Desanzo, Juan Carlos"]
[Result "1-0"]
[WhiteElo "1847"]
[BlackElo "1602"]
[PlyCount "94"]
[EventDate "2015.11.07"]
[EventType "swiss"]
[EventRounds "6"]
[EventCountry "ARG"]
[SourceTitle "EXT 2024"]
[Source "ChessBase"]
[SourceDate "2023.10.10"]
[SourceVersion "1"]
[SourceVersionDate "2023.10.10"]
[SourceQuality "1"]

1. e4 c5 2. Nf3 d6 3. d4 cxd4 4. Nxd4 Nf6 5. Nc3 a6 6. Be2 Nc6 7. 0-0 e6 8. Nb3 Be7 9. a4 b6 10. Be3 0-0 11. f3 d5 12. exd5 exd5 13. Kh1 Re8 14. Qd2 Bb4 15. Nd4 Ne5 16. Bg5 Nc4 17. Bxc4 dxc4 18. Rad1 Bb7 19. Rfe1 Qd6 20. Nf5 Qxd2 21. Bxd2 Rad8 22. Rxe8+ Nxe8 23. Be3 Rxd1+ 24. Nxd1 b5 25. axb5 axb5 26. Nd4 Nd6 27. c3 Ba5 28. Bf4 Bc7 29. Bxd6 Bxd6 30. Nxb5 Bc5 31. Nd4 Kf8 32. Ne3 g6 33. Nxc4 Bd5 34. Ne5 Ke7 35. Kg1 f6 36. Nd3 Bb6 37. Kf2 Kd6 38. g3 Bc4 39. Ke3 Bd5 40. f4 Bc4 41. Nb4 h5 42. Ke4 Bc5 43. Nbc2 Bd5+ 44. Kd3 f5 45. Na3 Be4+ 46. Kd2 Bb7 47. b4 Bb6 1-0

[Event "American Continental 08th"]
[Site "Mar del Plata"]
[Date "2012.10.21"]
[Round "11"]
[White "Desanzo, Juan Carlos"]
[Black "Baquero, Yuri Paola"]
[Result "0-1"]
[WhiteElo "1604"]
[BlackElo "1780"]
[PlyCount "94"]
[EventDate "2012.10.12"]
[EventType "swiss"]
[EventRounds "11"]
[EventCountry "ARG"]
[SourceTitle "EXT 2013"]
[Source "ChessBase"]
[SourceDate "2012.11.22"]
[SourceVersion "1"]
[SourceVersionDate "2012.11.22"]
[SourceQuality "1"]

1. d4 e6 2. c4 d5 3. Nf3 c6 4. Nc3 Bb4 5. Bg5 Nf6 6. e3 Nbd7 7. Bd3 Qa5 8. Qc2 Ne4 9. Bxe4 dxe4 10. Ne5 Nxe5 11. dxe5 Qxe5 12. Bf4 Qa5 13. 0-0 Bxc3 14. bxc3 0-0 15. Rfd1 e5 16. Bg5 f6 17. Bh4 Be6 18. Qxe4 Qxc3 19. Rac1 Qa5 20. Qc2 Rfd8 21. f3 Qa6 22. Rxd8+ Rxd8 23. Bf2 Bxc4 24. h3 Be6 25. Qc5 Kf7 26. a3 Qb6 27. Qc3 Qb3 28. Qc5 a6 29. Rc3 Qd5 30. Qb6 Rd7 31. e4 Qb5 32. Qe3 Qb2 33. a4 Qd2 34. Qc5 Qd1+ 35. Kh2 Qxa4 36. Ra3 Qb5 37. Qc3 Qe2 38. Kg3 Rd2 39. Qc5 Rd7 40. Qb6 Qb5 41. Qe3 a5 42. Qa7 Qa6 43. Qc5 a4 44. Be1 Qc4 45. Qb6 Qc1 46. Bb4 Bb3 47. Kh2 Qf4+ 0-1

[Event "American Continental 08th"]
[Site "Mar del Plata"]
[Date "2012.10.16"]
[Round "6"]
[White "Bilbao, Guillermo"]
[Black "Desanzo, Juan Carlos"]
[Result "1-0"]
[WhiteElo "1890"]
[BlackElo "1604"]
[PlyCount "57"]
[EventDate "2012.10.12"]
[EventType "swiss"]
[EventRounds "11"]
[EventCountry "ARG"]
[SourceTitle "EXT 2013"]
[Source "ChessBase"]
[SourceDate "2012.11.22"]
[SourceVersion "1"]
[SourceVersionDate "2012.11.22"]
[SourceQuality "1"]

1. e4 c5 2. Nf3 d6 3. d4 cxd4 4. Nxd4 Nf6 5. Nc3 a6 6. Bg5 e6 7. f4 e5 8. Nb3 Be7 9. f5 b5 10. Qf3 Bb7 11. Bxf6 Bxf6 12. 0-0-0 0-0 13. Nd5 Bxd5 14. Rxd5 Qb6 15. h4 Nd7 16. g4 Nc5 17. g5 Nxb3+ 18. axb3 Bd8 19. f6 g6 20. h5 Ra7 21. Qd3 Bc7 22. hxg6 fxg6 23. Bh3 Bb8 24. Be6+ Kh8 25. Qh3 Qf2 26. Rf1 Qb6 27. Rd2 Qd8 28. Rh2 h5 29. Qxh5+ 1-0

[Event "American Continental 08th"]
[Site "Mar del Plata"]
[Date "2012.10.15"]
[Round "5"]
[White "Desanzo, Juan Carlos"]
[Black "Okamura, Milton Kasuo"]
[Result "0-1"]
[WhiteElo "1604"]
[BlackElo "2092"]
[PlyCount "83"]
[EventDate "2012.10.12"]
[EventType "swiss"]
[EventRounds "11"]
[EventCountry "ARG"]
[SourceTitle "EXT 2013"]
[Source "ChessBase"]
[SourceDate "2012.11.22"]
[SourceVersion "1"]
[SourceVersionDate "2012.11.22"]
[SourceQuality "1"]

1. d4 d5 2. c4 c6 3. Nf3 Nf6 4. Nc3 e6 5. Bg5 h6 6. Bf4 dxc4 7. a4 Bb4 8. e3 b5 9. axb5 cxb5 10. Bxb8 Rxb8 11. Rxa7 Nd5 12. Qa1 Qb6 13. Ra2 0-0 14. Be2 Bb7 15. 0-0 Ra8 16. Rc1 Bd6 17. Nd2 e5 18. Bf3 Nb4 19. Rxa8 Rxa8 20. Qb1 exd4 21. Bxb7 Qxb7 22. exd4 Nd3 23. Rd1 Bb4 24. Qc2 Re8 25. Kf1 g5 26. Nf3 Bxc3 27. bxc3 Qd5 28. Qd2 Kg7 29. Ne1 Nf4 30. Nf3 Nd3 31. Ne1 Nf4 32. Nf3 Qa8 33. Re1 Rxe1+ 34. Nxe1 Qa1 35. g3 Nd5 36. Ke2 Qxc3 37. Nc2 Qxd2+ 38. Kxd2 b4 39. Ne3 Nxe3 40. fxe3 f5 41. g4 fxg4 42. e4 0-1

[Event "American Continental 08th"]
[Site "Mar del Plata"]
[Date "2012.10.12"]
[Round "1"]
[White "Desanzo, Juan Carlos"]
[Black "Anino, Sergio"]
[Result "0-1"]
[WhiteElo "1604"]
[BlackElo "2226"]
[PlyCount "40"]
[EventDate "2012.10.12"]
[EventType "swiss"]
[EventRounds "11"]
[EventCountry "ARG"]
[SourceTitle "EXT 2013"]
[Source "ChessBase"]
[SourceDate "2012.11.22"]
[SourceVersion "1"]
[SourceVersionDate "2012.11.22"]
[SourceQuality "1"]

1. d4 Nf6 2. c4 c6 3. Nc3 d5 4. Nf3 a6 5. cxd5 cxd5 6. Bg5 Ne4 7. Bf4 Nxc3 8. bxc3 Nc6 9. e3 Bf5 10. a4 e6 11. Ne5 Rc8 12. g4 Be4 13. f3 Nxe5 14. fxe4 Ng6 15. Rc1 Nxf4 16. exf4 Qh4+ 17. Kd2 Qf2+ 18. Kd3 dxe4+ 19. Kxe4 Bd6 20. Qf3 f5+ 0-1